| 000 | 01387cam a2200361 a 4500 | ||
|---|---|---|---|
| 001 | 25447 | ||
| 003 | BD-RjUL | ||
| 005 | 20211209050900.0 | ||
| 008 | 140318s1987 cou b 10000 eng d | ||
| 020 | _a0813300231 (alk. paper) : | ||
| 035 | _a(BD-RjUL) 25517 | ||
| 040 |
_aDLC _cDLC _dBD-RjUL _beng |
||
| 041 | _aeng | ||
| 082 |
_a953 _bEVA 1987 |
||
| 245 | 0 | 4 |
_aThe Evaluation and application of survey research in the Arab world / _cMark A. Tessler ... [et al.] |
| 260 |
_aBoulder, Colo. : _bWestview Press, _c1987. |
||
| 300 |
_axii, 209 p. ; _c24 cm. |
||
| 490 | 0 | _aWestview special studies on the Middle East. | |
| 500 | _aChiefly papers from a conference held in Bellagio, Italy, in June 1983 which was sponsored by the Rockefeller Foundation. | ||
| 504 | _aIncludes bibliographies. | ||
| 650 | 0 |
_aSocial sciences _xResearch _zArab countries _xCongresses. _978239 |
|
| 650 | 0 |
_aEvaluation research (Social action programs) _zArab countries _xCongresses. _978240 |
|
| 650 | 0 |
_aSocial surveys _zArab countries _xCongresses. _978241 |
|
| 651 | 0 |
_aArab countries _xResearch _xCongresses. _978242 |
|
| 700 | 1 | 0 |
_aTessler, Mark A. _978243 |
| 710 | 2 | 0 |
_aPalmer, Monte _978244 |
| 710 | 2 | 0 |
_aRockefeller Foundation _978245 |
| 710 | 2 | 0 |
_aFarah, Tawif E. _978246 |
| 710 | 2 | 0 |
_aIbrahim, Barbara Lethem _978247 |
| 942 |
_2ddc _cBK |
||
| 999 |
_c25447 _d25447 |
||